|
|
|
|
| LEADER |
00000nam0a2200000 4500 |
| 001 |
170777 |
| 005 |
20231101222919.0 |
| 010 |
|
|
|a 9785769558597
|
| 035 |
|
|
|a (RuTPU)RU\TPU\book\185184
|
| 035 |
|
|
|a RU\TPU\book\146109
|
| 090 |
|
|
|a 170777
|
| 100 |
|
|
|a 20080404d2009 m y0rusy50 ca
|
| 101 |
0 |
|
|a rus
|
| 102 |
|
|
|a RU
|
| 105 |
|
|
|a y j 001zd
|
| 200 |
1 |
|
|a История педагогики и образования
|e учебное пособие
|f Международная Академия наук педагогического образования; под ред. З. И. Васильевой
|
| 205 |
|
|
|a 5-е изд., стер.
|
| 210 |
|
|
|a Москва
|c Академия
|d 2009
|
| 215 |
|
|
|a 432 с.
|
| 225 |
1 |
|
|a Высшее профессиональное образование. Педагогические специальности
|
| 320 |
|
|
|a Литература: с. 426-428.
|
| 330 |
|
|
|a В пособии раскрыт историко-педагогический процесс развития образования и педагогической мысли с древнейших времен до конца XX в., рассмотрены разные концептуальные подходы к историко-педагогическим явлениям (системный, культурологический, аксиологический); выделены ведущие педагогические идеи, а также пути становления образовательных систем в разные эпохи и интеграционные процессы в педагогической теории и практике. В 4-е издание (2008 г.) были внесены исправления и дополнения.
|
| 600 |
|
1 |
|a Ушинский
|b К. Д.
|c педагог, писатель
|c основоположник научной педагогики в России
|f 1824-1870
|g Константин Дмитриевич
|2 stltpush
|3 (RuTPU)RU\TPU\pers\9663
|9 1931
|
| 600 |
|
1 |
|a Толстой
|g Лев Николаевич
|f 1829-1910
|c граф
|c русский писатель
|c член-корреспондент, почетный академик Петербургской АН
|b Л. Н.
|2 stltpush
|3 (RuTPU)RU\TPU\pers\497
|
| 600 |
|
1 |
|a Макаренко
|b А. С.
|c российский педагог
|c писатель
|f 1888-1939
|g Антон Семенович
|2 stltpush
|3 (RuTPU)RU\TPU\pers\13261
|9 3934
|
| 606 |
1 |
|
|a Педагогика
|x История
|2 stltpush
|3 (RuTPU)RU\TPU\subj\48423
|9 67293
|
| 610 |
1 |
|
|a образование
|
| 610 |
1 |
|
|a история
|
| 610 |
1 |
|
|a педагогическая мысль
|
| 610 |
1 |
|
|a Древний мир
|
| 610 |
1 |
|
|a воспитание
|
| 610 |
1 |
|
|a античность
|
| 610 |
1 |
|
|a средние века
|
| 610 |
1 |
|
|a школы
|
| 610 |
1 |
|
|a Древняя Русь
|
| 610 |
1 |
|
|a Московское государство
|
| 610 |
1 |
|
|a 10 век
|
| 610 |
1 |
|
|a 11 век
|
| 610 |
1 |
|
|a 12 век
|
| 610 |
1 |
|
|a 13 век
|
| 610 |
1 |
|
|a 14 век
|
| 610 |
1 |
|
|a 15 век
|
| 610 |
1 |
|
|a 16 век
|
| 610 |
1 |
|
|a 17 век
|
| 610 |
1 |
|
|a 18 век
|
| 610 |
1 |
|
|a 19 век
|
| 610 |
1 |
|
|a 20 век
|
| 610 |
1 |
|
|a Россия
|
| 610 |
1 |
|
|a Западная Европа
|
| 610 |
1 |
|
|a педагоги
|
| 610 |
1 |
|
|a США
|
| 610 |
1 |
|
|a учебные пособия
|
| 686 |
|
|
|a Ч33(0)я73
|v LBC/SL-A
|2 rubbk
|
| 702 |
|
1 |
|a Васильева
|b З. И.
|g Зинаида Ивановна
|4 340
|
| 712 |
0 |
2 |
|a Международная Академия наук педагогического образования
|2 stltpush
|3 (RuTPU)RU\TPU\col\5924
|9 24175
|
| 801 |
|
1 |
|a RU
|b 63413507
|c 20091126
|
| 801 |
|
2 |
|a RU
|b 63413507
|c 20190614
|g RCR
|
| 942 |
|
|
|c BK
|
| 959 |
|
|
|a 117/20091126
|d 1
|e 317,90
|f ЧЗГЛ:1
|